Vybrané state z teórie betónových konštrukcií

Podrobná bibliografia
Hlavní autori: Ballo, Miloš, 1931-2000 (Autor), Báci, Bohumil (Autor)
Médium: Kniha
Jazyk:slovenčina
PhysicalDescription:176 s. grafy, sch., tab. 29 cm
Vydavateľské údaje: Bratislava Slovenská vysoká škola technická 1978
Vydanie:2. vyd.
Predmet:

MARC

LEADER 00000cam a2200000 a 4500
001 vtls001111851
003 SK-MaSNL
005 20260302022039.0
008 240314s1978 xo da e n 00000 slo
015 |a SNBA1978 
020 |q (brož.) 
035 |a SNK000054694 
040 |a SNK  |b slo  |c SNK  |e AACR2 
041 0 |a slo 
044 |a xo  |c SK 
080 |a 624.012.4(075.8)  |2 1981 
100 1 |a Ballo, Miloš,  |d 1931-2000  |4 aut  |9 37252 
245 1 0 |a Vybrané state z teórie betónových konštrukcií  |c Miloš Ballo, Bohumil Báci 
250 |a 2. vyd. 
260 |a Bratislava  |b Slovenská vysoká škola technická  |c 1978 
300 |a 176 s.  |b grafy, sch., tab.  |c 29 cm 
366 |e 100 výt. 
504 |a Bibliogr. odkazy 
650 0 7 |a betónové konštrukcie  |2 SNKPH  |9 1686 
650 0 7 |a statika  |2 SNKPH  |9 30414 
650 0 7 |a numerické metódy  |2 SNKPH  |9 3947 
655 7 |a učebnice vysokých škôl  |2 SNKPH  |9 70191 
700 1 |a Báci, Bohumil  |4 aut  |9 667075 
958 |a OND 
958 |a NB 
999 |c 1031239  |d 1033169 
952 |a SNK  |b SNK  |y PREZ  |7 0  |p 17A0967518  |o snkSB 26434  |i snkKSP 2485/78  |0 0  |1 0  |4 0  |d 2014-07-11  |f 1  |l 0  |r 2026-02-24 13:54:13  |w 2026-02-24 
952 |a SNK  |b SNK  |y VYP  |7 0  |o snkSB 26434 D1  |i snkKSP 2486/78  |0 0  |1 0  |4 0  |d 2014-07-11  |l 0  |r 2026-02-24 13:54:13  |w 2026-02-24